000 00400nam a22001697a 4500
003 NUST
020 _a9789350143780
038 _akhadija
082 _a620
_bGIL
100 _aGill, P.S.
_926071
245 _aGeometric Dimensioning and Tolerancing
260 _aNew Delhi :
_bS.K.Kataria,
_c2014.
300 _a961 p. ;
_b25 cm.
500 _aHardcover.
563 _ahardcover
942 _cBK
_2ddc
999 _c34018
_d34018